| 000 | 00417nam a2200193Ia 4500 | ||
|---|---|---|---|
| 005 | 20240823030303.0 | ||
| 008 | 240823s9999||||xx |||||||||||||| ||und|| | ||
| 041 | _aENGLISH | ||
| 082 | _A616.9362 M9 | ||
| 100 | _aLoban K M | ||
| 245 | 0 | _aMalaria | |
| 250 | _a1st | ||
| 260 |
_c1989 _b"Mir,Moscow" |
||
| 500 | _aYES | ||
| 650 |
_aDisease _bGeneral |
||
| 700 | _a Polozok E S | ||
| 942 | _cBK | ||
| 999 |
_c188339 _d188339 |
||